Logo biblioteca
Santa Fe 2917, Rosario, Santa Fe
Lu-Vi 8 a 19.45
+54-341-4232362
bibliotecaeudoro@gmail.com
Facebook Biblioteca Pedagógica
Sitio web

El desierto del amor / (Registro nro. 32491)

Detalles MARC
000 -CABECERA
campo fijo de control de longitud 00687nam a2200229 4500
001 - NÚMERO DE CONTROL
campo de control 32491
003 - IDENTIFICADOR DEL NÚMERO DE CONTROL
campo de control AR-RoBPED
005 - FECHA Y HORADE LA ULTIMA TRANSACCION
campo de control 20260401092354.0
008 - ELEMENTOS DE LONGITUD FIJA--INFORMACION GENERAL
campo fijo de control de longitud 260331s1970 es ||||gr|||| 000 1 spa d
040 ## - FUENTE CATALOGADORA
Centro catalogador/agencia de origen AR-RoBPED
041 ## - IDIOMA
Código de idioma para texto/pista de sonido o título independiente spa
100 1# - ENCABEZAMIENTO PRINCIPAL--AUTOR PERSONAL
Nombre de persona Mauriac, Francois
9 (RLIN) 6751
245 13 - TITULO
Título El desierto del amor /
Mención de responsabilidad Francois Mauriac ; prologo de Lorenzo Gomis
260 ## - PUBLICACION
Lugar España :
Editor Salvat,
Fecha 1970.
300 ## - DESCRIPCION FISICA
Extensión 175 p.
490 0# - SERIE
Mención de serie (Biblioteca Basica Salvat)
650 #4 - TERMINO DE MATERIA--CONTROLADO
Término controlado LITERATURA FRANCESA
9 (RLIN) 393
Término controlado NOVELAS
9 (RLIN) 25
700 ## - ENCABEZAMIENTO SECUNDARIO--AUTOR PERSONAL
Nombre de persona Gomis, Lorenzo
9 (RLIN) 30677
Función prolog.
942 ## - ELEMENTOS KOHA
Fuente de clasificación Universal Decimal Classification
Número Koha k. 32491
Koha tipo de ítem Libro
Clasificación 840-31
Signatura librística M 29 d
Inventario inv. 42347
945 ## - PROCESAMIENTO DE LA INFORMACIÓN LOCAL
Catalogador y fecha mm 31/03/2026 - cd 01/04/2026
Existencias
Estado retirado Estado perdido Fuente de clasificación Estado dañado No se presta Biblioteca propietaria Biblioteca de reserva Fecha de adquisición Procedencia Total de préstamos Signatura topográfica completa Código de barras (nº de inventario) Fecha visto por última vez Catalogador y fecha Tipo de ítem Koha Nota pública
    Universal Decimal Classification     Biblioteca Pedagógica Eudoro Díaz Biblioteca Pedagógica Eudoro Díaz 31/03/2026 Donación   840-31 M 29d 42347 31/03/2026 mm 31/03/2026 Libro Se presta 15 días.